000 01145nam a2200265Mi 4500
001 thepoliticsofeco00ridgrich
003 CaSfIA
005 20210119102226.0
007 cr||||
008 970815s1971 nyu 000 0 eng d
040 _aGyGoGBV
_erakwb
_bger
_cGBVCP
_dCaSfIA
020 _a0525181083
_z0525081083
020 _a9780525181088
035 _a(OCoLC)258524173
100 1 _aRidgeway, James.
245 1 3 _aThePolitics of ecology /
_h[electronic resource]
_cJames Ridgeway.
250 _a6. Pr.
260 _aNew York :
_bDutton,
_c1971.
300 _a222 S.
856 4 1 _uhttp://www.archive.org/details/thepoliticsofeco00ridgrich
_zFree eBook from the Internet Archive
856 4 2 _uhttp://www.openlibrary.org/books/OL24221675M
_zAdditional information and access via Open Library
942 _cEB
506 _fНеобхідна авторизація на https://archive.org/ (створення облікового запису безкоштовно)
506 _fНеобхідна авторизація на https://openlibrary.org/ (створення облікового запису безкоштовно)
999 _c556514
_d556514